| 000 | 01733 a2200253 4500 | ||
|---|---|---|---|
| 999 |
_c10924 _d10924 |
||
| 020 | _a0192629700 | ||
| 050 | 0 | 0 |
_aRC454 _b.NEW 2000 |
| 100 |
_aGelder, Michael G _eeditor |
||
| 245 | 0 | 0 |
_aNew Oxford textbook of psychiatry, volume 1 / _cedited by Michael G. Gelder, Juan J. Lp̤ez-Ibor, and Nancy Andreasen. |
| 264 |
_aOxford: _bOxford University Press, _c 2003 |
||
| 300 |
_a2 volumes., xxvii, 2131 pages.: _billustrations. |
||
| 336 |
_1text _ardacontent _btxt |
||
| 337 |
_1unmediated _ardamedia _bn |
||
| 338 |
_1volume _ardacarrier _bnc |
||
| 504 | _aIncludes bibliographical references and index. | ||
| 520 | _aThe New Oxford Textbook of Psychiatry is the definitive source for all psychiatrists and trainees, now available for the first time in paperback at low cost. It covers all areas of general psychiatry in depth, and includes sections on each of the subspecialties (for example child psychiatry and forensic psychiatry). It is designed to be used by those in higher training, for continuing education and reaccreditation, and as a specialists' reference. The textbook has been planned with the three themes of contemporary psychiatry in mind. First, the subject has become more unified: there are n | ||
| 650 | 0 | _aPsychiatry. | |
| 700 | 1 |
_aLp̤ez Ibor, Juan Jos.̌ _eeditor |
|
| 700 | 1 |
_aAndreasen, Nancy C. _eeditor |
|
| 856 | 4 | 2 |
_3Publisher description _uhttp://www.loc.gov/catdir/enhancements/fy0639/2001274437-d.html |
| 856 | 4 | 1 |
_3Table of contents only _uhttp://www.loc.gov/catdir/enhancements/fy0639/2001274437-t.html |
| 942 |
_2lcc _cBK _h454 _iNEW _kRC |
||